| 000 | 01062nam a2200313Ia 4500 | ||
|---|---|---|---|
| 008 | 170203s9999 xx 000 0 und d | ||
| 020 | _a9780590425827 | ||
| 050 | _a305.8 | ||
| 050 | _bL665i | ||
| 100 | _aLevine, Ellen. | ||
| 245 | _aIf you lived at the time of Martin Luther King / | ||
| 245 | _cby Ellen Levine ; illustrated by Beth Peck. | ||
| 260 | _aNew York, NY : | ||
| 260 | _bScholastic : | ||
| 260 | _c©1990. | ||
| 300 | _a72 pages : | ||
| 300 | _billustrations ; | ||
| 300 | _c16 x 21 cm | ||
| 650 | _aAfrican Americans -- Civil rights -- | ||
| 650 | _aAfrican Americans -- Civil rights -- History -- 20th century -- | ||
| 650 | _aCivil rights movements -- United States -- History -- 20th century -- | ||
| 650 | _aKing, Martin Luther, -- Jr., -- 1929-1968 -- | ||
| 650 | _aUnited States -- Race relations -- History -- 20th century -- | ||
| 650 | _xJuvenile literature. | ||
| 650 | _xJuvenile literature. | ||
| 650 | _xJuvenile literature. | ||
| 650 | _xJuvenile literature. | ||
| 650 | _xJuvenile literature. | ||
| 999 |
_c306339 _d306339 |
||